[Event "TUR-chT 2nd League"]
[Site "Denizli"]
[Date "2023.07.14"]
[Round "8.96"]
[White "Kaya, Elif"]
[Black "Altay, Kerim Baturay"]
[Result "0-1"]
[WhiteElo "1253"]
[BlackElo "1459"]
[PlyCount "120"]
[EventDate "2023.07.09"]
[EventType "team-swiss"]
[EventRounds "9"]
[EventCountry "TUR"]
[SourceTitle "CBM 215 Extra"]
[Source "ChessBase"]
[SourceDate "2023.09.30"]
[SourceVersion "1"]
[SourceVersionDate "2023.09.30"]
[SourceQuality "1"]
[WhiteTeam "Karaman Yunus Emre"]
[BlackTeam "Altinkale Kultur"]
[WhiteTeamCountry "TUR"]
[BlackTeamCountry "TUR"]

1. e4 e5 2. Nf3 Nc6 3. Bc4 Nf6 4. d3 Bc5 5. 0-0 a6 6. c3 Ba7 7. Bb3 0-0 8. Nbd2 d6 9. h3 h6 10. Re1 Re8 11. Nf1 Be6 12. Ng3 d5 13. exd5 Bxd5 14. Bc2 Qd7 15. Be3 Bxe3 16. fxe3 Rad8 17. e4 Be6 18. Qe2 Qe7 19. Qe3 Nd7 20. Qf2 Nb6 21. Nd2 Qg5 22. Rf1 Rd7 23. Nf3 Qf6 24. Nd2 Qxf2+ 25. Rxf2 Ne7 26. Nb3 Na4 27. Rb1 Ng6 28. Rd2 Bxb3 29. Bxb3 Nc5 30. Bc2 Red8 31. Rbd1 Ne6 32. Nf5 c5 33. Kf2 Ngf4 34. Ne3 b5 35. b4 c4 36. a3 cxd3 37. Bb3 Ng5 38. Bd5 Nxd5 39. exd5 Ne4+ 40. Kf3 Nxd2+ 41. Rxd2 Re8 42. Ke4 g6 43. g4 Kf8 44. Rxd3 f6 45. a4 Rc8 46. axb5 axb5 47. Nc2 Rc4+ 48. Ke3 e4 49. Rd2 Rxc3+ 50. Kxe4 Re7+ 51. Kd4 Rc4+ 52. Kd3 Rd7 53. Ke3 Rc3+ 54. Ke2 Rxh3 55. Nd4 Rh2+ 56. Ke3 Rxd2 57. Kxd2 Rxd5 58. Ke3 Ke7 59. Ke4 Rxd4+ 60. Kxd4 Kd6 0-1

[Event "TUR-chT 2nd League"]
[Site "Konya"]
[Date "2022.08.23"]
[Round "2.7"]
[White "Kaya, Elif"]
[Black "Sural, Ceren"]
[Result "0-1"]
[WhiteElo "1249"]
[BlackElo "1684"]
[PlyCount "66"]
[EventDate "2022.08.22"]
[EventType "team-swiss"]
[EventRounds "9"]
[EventCountry "TUR"]
[SourceTitle "CBM 210 Extra"]
[Source "ChessBase"]
[SourceDate "2022.11.30"]
[SourceVersion "1"]
[SourceVersionDate "2022.11.30"]
[SourceQuality "1"]
[WhiteTeam "Corum Belediye"]
[BlackTeam "Istanbul Sisli"]
[WhiteTeamCountry "TUR"]
[BlackTeamCountry "TUR"]

1. e4 c5 2. Nf3 d6 3. d4 cxd4 4. Nxd4 Nf6 5. Nc3 a6 6. h3 e5 7. Nf3 Be7 8. a4 b6 9. Bc4 Bb7 10. Qe2 0-0 11. 0-0 Nbd7 12. b4 Qc7 13. Bb2 Nh5 14. Bb3 Rac8 15. Nd5 Bxd5 16. exd5 a5 17. c3 Nf4 18. Qd2 Nf6 19. Rfe1 Qd7 20. Kh1 N6h5 21. Bc2 Rc7 22. Red1 Rfc8 23. Rac1 Kh8 24. g4 Nf6 25. Bf5 Qd8 26. Bxc8 Qxc8 27. bxa5 bxa5 28. Ng5 h6 29. Nf3 Nxh3 30. g5 Ne4 31. Qe3 Nhxf2+ 32. Kg2 Qh3+ 33. Kg1 Qh1# 0-1

[Event "TUR-chT 2nd League"]
[Site "Konya"]
[Date "2018.07.22"]
[Round "9.9"]
[White "Kaya, Elif"]
[Black "Kaya, Ilgin"]
[Result "0-1"]
[WhiteElo "1264"]
[BlackElo "1397"]
[PlyCount "134"]
[EventDate "2018.07.16"]
[EventType "team-swiss"]
[EventRounds "9"]
[EventCountry "TUR"]
[SourceTitle "EXT 2019"]
[Source "ChessBase"]
[SourceDate "2018.10.10"]
[SourceVersion "1"]
[SourceVersionDate "2018.10.10"]
[SourceQuality "1"]
[WhiteTeam "Karaman Yunus Ortaokulu"]
[BlackTeam "Corum Belediye"]
[WhiteTeamCountry "TUR"]
[BlackTeamCountry "TUR"]

1. e4 c5 2. Nf3 d6 3. Bb5+ Bd7 4. Bxd7+ Nxd7 5. Nc3 e6 6. d4 cxd4 7. Qxd4 a6 8. Bg5 Ngf6 9. 0-0 Be7 10. Rad1 0-0 11. Bh4 Qc7 12. Bg3 e5 13. Qe3 b5 14. a3 Nb6 15. Nd2 Rac8 16. Kh1 Nfd7 17. f4 h6 18. f5 Bg5 19. Qe1 Bxd2 20. Qxd2 Nc4 21. Qc1 Nf6 22. Nd5 Nxd5 23. Rxd5 Nb6 24. Rd2 f6 25. Bf2 Rfd8 26. Bxb6 Qxb6 27. c3 Rc4 28. Qe1 Qc6 29. Rd5 Rc5 30. Rd3 d5 31. exd5 Rcxd5 32. Rxd5 Qxd5 33. Kg1 e4 34. Qe3 Re8 35. Rf4 Re5 36. g4 Qd1+ 37. Kf2 Rd5 38. Kg2 Rd2+ 39. Rf2 Qxg4+ 40. Qg3 Qxg3+ 41. Kxg3 e3 42. Rf1 e2 43. Re1 Rxb2 44. Kf2 Kf7 45. Rxe2 Rxe2+ 46. Kxe2 g6 47. fxg6+ Kxg6 48. Ke3 Kf5 49. Kf3 Ke5 50. Ke3 f5 51. h3 f4+ 52. Kf3 Kf5 53. Kf2 Ke4 54. Ke2 f3+ 55. Kf2 a5 56. h4 h5 57. Kf1 Ke3 58. Ke1 f2+ 59. Kf1 a4 60. c4 bxc4 61. Kg2 Ke2 62. Kg3 f1Q 63. Kh2 Qf2+ 64. Kh3 Qf3+ 65. Kh2 Qg4 66. Kh1 Kf2 67. Kh2 Qg2# 0-1

[Event "TUR-chT2"]
[Site "Konya"]
[Date "2017.07.12"]
[Round "5.15"]
[White "Yufkaci, Yelda"]
[Black "Kaya, Elif"]
[Result "0-1"]
[WhiteElo "1139"]
[BlackElo "1126"]
[PlyCount "178"]
[EventDate "2017.07.09"]
[EventType "team-swiss"]
[EventRounds "9"]
[EventCountry "TUR"]
[SourceTitle "CBM 179 Extra"]
[Source "ChessBase"]
[SourceDate "2017.08.23"]
[SourceVersion "1"]
[SourceVersionDate "2017.08.23"]
[SourceQuality "1"]
[WhiteTeam "Koycegiz Su Sporlari"]
[BlackTeam "Canakkale 1915"]
[WhiteTeamCountry "TUR"]
[BlackTeamCountry "TUR"]

1. d4 Nf6 2. Nf3 g6 3. c4 Bg7 4. Nc3 d6 5. e3 0-0 6. Be2 Nbd7 7. 0-0 c5 8. b3 b6 9. Bb2 Bb7 10. Bd3 a6 11. Re1 Qc7 12. a3 Qc6 13. d5 Qc7 14. Rb1 Rae8 15. e4 e6 16. Qc2 Re7 17. Re2 exd5 18. exd5 Rxe2 19. Bxe2 Re8 20. Bd3 Ng4 21. h3 Nge5 22. Nxe5 Nxe5 23. Ne2 Qe7 24. Bxe5 Bxe5 25. b4 Qc7 26. Qb3 Rb8 27. Nc3 b5 28. cxb5 cxb4 29. Ne4 axb5 30. axb4 Ba8 31. Rd1 Qb6 32. Nc3 Qd4 33. Nxb5 Qxd5 34. Qxd5 Bxd5 35. Be2 Bb3 36. Re1 Ba4 37. Nc7 Rxb4 38. Nd5 Re4 39. f3 Bd4+ 40. Kf1 Re5 41. Nf6+ Kg7 42. Ne4 d5 43. Ng3 Bb3 44. Bd3 Rxe1+ 45. Kxe1 Kf6 46. Ne2 Be3 47. Nc3 d4 48. Ne4+ Ke5 49. Ke2 Kf4 50. g3+ Ke5 51. f4+ Kd5 52. Nf6+ Kd6 53. Nxh7 Be6 54. Ng5 Bd5 55. Ne4+ Ke7 56. Nc5 Bg1 57. g4 Be3 58. f5 g5 59. Ne4 f6 60. Nc5 Bg2 61. Be4 Bxh3 62. Kf3 Bf1 63. Nb3 Bc4 64. Na5 Bb5 65. Nc6+ Kd7 66. Nb4 Bf4 67. Nd5 Be5 68. Nb4 Ba4 69. Bc2 Bxc2 70. Nxc2 Kd6 71. Ke4 Kc5 72. Kd3 Kc6 73. Nxd4+ Bxd4 74. Kxd4 Kd6 75. Ke4 Kc5 76. Kf3 Kd4 77. Kg3 Ke3 78. Kg2 Kf4 79. Kf2 Kxg4 80. Ke3 Kxf5 81. Kf3 g4+ 82. Kg3 Kg5 83. Kg2 Kf4 84. Kh2 Kf3 85. Kh1 Kf2 86. Kh2 g3+ 87. Kh1 g2+ 88. Kh2 g1Q+ 89. Kh3 Qg3# 0-1